| 000 | 00612nam a2200229Ia 4500 | ||
|---|---|---|---|
| 003 | GCL | ||
| 008 | 140319s9999 xx 000 0 aFre d | ||
| 020 | _a9973190556 | ||
| 040 |
_aGCL / _cGCL |
||
| 082 | 0 | 4 |
_a732.3973 _bAC |
| 100 | 1 | _aABDELMAJID ENNABLI | |
| 245 | 1 | 0 |
_aCARTHAGE : _bRETROUVEE / _cABDELMAJID ENNABLI |
| 700 | 1 | _aFRADIER, GEORGES | |
| 700 | 1 | _aPEREZ, JACQUES | |
| 260 |
_aفرنسا : _bCERES PRODUCTIONS ، _c1995 |
||
| 300 |
_a151 P _bILL. ؛ _c30 cm. |
||
| 650 | 0 | 4 | _aARTS |
| 650 | 0 | 4 | _aSCULPTURE |
| 650 | 0 | 4 | _aSCULAPTURE, ANCIENT |
| 650 | 0 | 4 | _aSCULAPTURE - CARTHAGE |
| 942 |
_2ddc _cBK |
||
| 999 |
_c7586 _d7586 |
||